[Event "GER-chT WK 3 U16"]
[Site "Kiel"]
[Date "2007.05.17"]
[Round "2.4"]
[White "Qiu, Xiaobo"]
[Black "Kasper, Karl Konstantin"]
[Result "1-0"]
[WhiteElo "942"]
[BlackElo "839"]
[PlyCount "59"]
[EventDate "2007.05.17"]
[EventType "team-swiss"]
[EventRounds "7"]
[EventCountry "GER"]
[SourceTitle "EXT 2008"]
[Source "ChessBase"]
[SourceDate "2007.11.25"]
[SourceVersion "1"]
[SourceVersionDate "2007.11.25"]
[SourceQuality "1"]

1. e4 e5 2. Nf3 Nc6 3. Bc4 Bc5 4. Nc3 Nf6 5. d3 0-0 6. Bg5 d6 7. Nd5 Bg4 8. Bxf6 gxf6 9. h3 Be6 10. Nh4 Bxd5 11. Bxd5 Ne7 12. c3 Kg7 13. Bxb7 Rb8 14. Bd5 Ng6 15. Qg4 Rxb2 16. 0-0 c6 17. Bxc6 Qb6 18. Nf5+ Kh8 19. d4 exd4 20. cxd4 Bxd4 21. Nxd4 Qxd4 22. Rad1 Qc5 23. Rc1 Qb6 24. Bd5 a5 25. Rc6 Qb8 26. Rfc1 Ne7 27. Qf4 Nxd5 28. exd5 Rg8 29. Qxf6+ Rg7 30. Rc8+ 1-0

[Event "Berlin op 08"]
[Site "Berlin"]
[Date "2005.08.27"]
[Round "2"]
[White "Qiu, Xiaobo"]
[Black "Rutz, Maximilian"]
[Result "0-1"]
[WhiteElo "837"]
[BlackElo "1113"]
[PlyCount "56"]
[EventDate "2005.08.27"]
[EventType "swiss"]
[EventRounds "7"]
[EventCountry "GER"]
[SourceTitle "EXT 2007"]
[Source "ChessBase"]
[SourceDate "2006.11.23"]
[SourceVersion "1"]
[SourceVersionDate "2006.11.23"]
[SourceQuality "1"]

1. e4 d5 2. exd5 Nf6 3. Nc3 Nxd5 4. Nxd5 Qxd5 5. c4 Qd8 6. Qb3 Nc6 7. Nf3 e5 8. c5 Bxc5 9. Bc4 0-0 10. Qc2 Re8 11. Bxf7+ Kxf7 12. Qxc5 Bg4 13. Ng5+ Qxg5 14. Qd5+ Kf8 15. d3 Qf6 16. 0-0 Rad8 17. Qb5 Qg6 18. Qxb7 Bh3 19. g3 Qxd3 20. Bg5 Qf3 21. Qxc6 Qxc6 22. f3 Qc5+ 23. Rf2 Rd3 24. Re1 Rxf3 25. Ree2 Rd8 26. Bxd8 Qc1+ 27. Re1 Qxe1+ 28. Rf1 Qxf1# 0-1